00303nam a2200109 a 4500008004100000020001500041050001700056100001900073245005000092260004200142350000900184120416s0000 ||||||||||||||||| || u a0521478529 aTL 671.4 Vin aVinh, Nguyen X10aFlight mechanics of high-performance aircraft aCambridgebThe University Pressc1993 a0.00